Assassin's Creed - Assassins - Statistiques

Statistiques générales
  • Ce quiz a été pris 261 fois
  • Le résultat moyen est 10 sur 31
Statistiques - réponses
Hint Réponse % Correct
Enlevé par Abstergo et décédé à la fin d'Assassin's Creed III Desmond Miles
82%
Italien des XVème et XVIème siècles, mentor de la confrérie Ezio Auditore
70%
Pirate du XVIIIème siècle, devenu assassin malgré lui Edward Kenway
59%
Amérindien et anglais du XVIIIème siècle, son père est templier Connor Kenway
56%
Ancêtre des assassins, grecque, misthios Kassandra
52%
Père de ce dernier William Miles
48%
Français du XVIIIème siècle devenu assassin en pleine révolution française, élevé par un templier Arno Dorian
47%
Guerrier viking féroce, enfant adoptif du roi Stybjornson Eivor
47%
Ancêtre des assassins, grec, misthios Alexios
46%
Anglais du XIXème siècle, assassin comme son frère jumeau Evie Frye
45%
Anglais du XIXème siècle, assassin comme sa soeur jumelle Jacob Frye
45%
A fondé la confrérie et en devient le tout premier mentor, égyptien Bayek de Siwa
42%
Oncle habitant à Monteriggioni, mentor de la confrérie Mario Auditore
39%
Fils d'immigrés irlandais du XVIIIème siècle qui rejoint les Templiers après s'être senti trahi par la confrérie des Assassins Shay Patrick Cormac
34%
Syrien et mentor de la confrérie. A passé une grande partie de sa vie à étudier la pomme d'éden Altaïr Ibn-La'Ahad
26%
Soeur, tenancière d'une maison de courtisanes Claudia Auditore
25%
Père de ce dernier Giovanni Auditore
25%
Aussi appelé Le Renard, maître parmi les voleurs La Volpe
24%
Epouse de ce dernier, établit sa propre confrérie à Rome, gréco-égyptienne Aya d'Alexandrie / Amunet
20%
Métisse franco-africaine du XVIIIème siècle, héroïne d'Assassin's Creed III: Liberation Aveline de Grandpré
18%
Frère aîné Federico Auditore
18%
Chercheuse et ingénieure américaine d'origine égyptienne, ancienne membre des Templiers et héritière des souvenirs Layla Hassan
17%
Mentor de la confrérie, grand théoricien et philosophe florentin Niccolo Machiavelli
16%
Spécialiste en histoire Shaun Hastings
15%
Travaille chez Abstergo en tant que jeune scientifique au début du premier opus, appartenant en réalité à l'Ordre des Templiers Lucy Stillman
14%
Assassin du IXème siècle, devenu mentor du bureau de Constantinople. Sa conscience a été conservée plus de 1 000 ans. Il retrouve sa forme physique en 2020 Basim Ibn Ishaq
13%
Spécialiste en informatique Rebecca Crane
11%
Son épouse, appartenant aux templiers avant de rejoindre les assassins Maria Thorpe
7%
Plus connu sous le nom de sujet 16, mort après être devenu fou Clay Kaczmarek
5%
Gallo-romain du IIIème siècle avant notre ère Aquilus
3%
Enlevé par Abstergo pour faire de lui un agent dormant Daniel Cross
3%
Aucun quiz correspondant
Distribution des résultats
% des personnes avec chaque résultat
Percentile par nombre de réponses
Votre historique - résultats
Vous n’avez pas pris ce quiz